Представление документа в формате MARC21

Поле Инд. ПП Название Значение
Тип записи a
Библиографический уровень m
001 Контрольный номер 36ab2cce-25a9-4c5a-921e-0d97f19aa59c
005 Дата корректировки 20250822175936.1
008 Кодируемые данные 070220
020 a ISBN 0-19-816205-7
c Цена, тираж 5379.15
040 a Служба первич. каталог. НБ ТвГУ
041 0_ a Код языка текста eng
080 a Индекс УДК 78.03
084 a Индекс другой классификации/Индекс ББК Щ313(0)
a Индекс другой классификации/Индекс ББК Щ313(0)42
090 x Авторский знак N52
a Полочн. индекс Щ313(0)
245 00 a Заглавие The new Oxford history of music
n Номер части/ раздела Vol. 3, pt. 1
p Название части/ раздела Musik as concept and practice in the late middle ages
c Ответственность ed. by Reinhard Strohm and Bonnie J. Blackburn
260 0_ a Место издания Oxford
b Издательство Oxford university press
c Дата издания 2001
300 a Объем XXXI, 460 p.
b Иллюстрации/ тип воспроизводства ill
500 a Примечание НАСТОЯЩИЙ МАТЕРИАЛ (ИНФОРМАЦИЯ) ПРОИЗВЕДЕН, РАСПРОСТРАНЕН И (ИЛИ) НАПРАВЛЕН ИНОСТРАННЫМ АГЕНТОМ, ЯВЛЯЮЩИМСЯ УЧРЕДИТЕЛЕМ (ЧЛЕНОМ, УЧАСТНИКОМ, РУКОВОДИТЕЛЕМ ИЛИ ЛИЦОМ, ВХОДЯЩИМ В СОСТАВ ОРГАНА ЛИЦ УКАЗАНЫХ В ЧАСТИ 4 СТАТЬИ 9 ФЕДЕРАЛЬНОГО ЗАКОНА «О КОНТРОЛЕ ЗА ДЕЯТЕЛЬНОСТЬЮ ЛИЦ, НАХОДЯЩИХСЯ ПОД ИНОСТРАННЫМ ВЛИЯНИЕМ») ВКЛЮЧЕННОГО В РЕЕСТР ИНОСТРАННЫХ АГЕНТОВ
504 a Библиография Bibliogr.: 407-443. - Ind.: p. 446-460.
583 a Действие Получение впервые 31 20.02.2007
k Исполнитель действия Дар Оксфордско-Российского Фонда
650 04 a Основная рубрика Музыка
x Основная подрубрика История
y Хронологическая подрубрика 15 в.
y Хронологическая подрубрика Средние века
653 0_ a Ключевые слова Музыка
a Ключевые слова История музыки
a Ключевые слова Средневековая музыка
a Ключевые слова Познее средневековье
a Ключевые слова Оксфордско-Российский фонд
700 1_ a Другие авторы Strohm Reinhard
e Роль лиц ed.
700 1_ a Другие авторы Blackburn Bonnie J.
e Роль лиц ed.
852 41 t Порядковый номер экземпляра 1
p Инвентарный номер 870355
888 a Бесплатные
930 a Новая/Ретро иностр
a Новая/Ретро англ
952 p 31.2007 5379.15 1 870355
c Вид литературы К ин
954 a Дата поступления на обработку 20070305
999 a Подразделение 2 ч.з.